00710nam a2200205 i 4500001001000000003000900010005001700019007000300036008004100039040003000080082001300110245009400123264007900217300003900296336002700335337003300362338002800395500003400423700004700457000014398DO-SdBNP20240528153837.0ta091211s1994 dr a 000 0 spa d aDO-SdBNPbspacBNPHUerda 4bO13c22200aObras Completas de Hector Colombino Perelló /cprólogo y edición, Freddy Aguasvivas aSanto Domingo :bFundación Cultural Héctor Colombino Perelló,c1994. avolumen :bilustraciones ;c26 cm. 2rdacontentatextobtxt 2rdamediaasin mediaciónbn 2rdacarrieravolumenbnc aLa biblioteca posee el tomo 11 aAguasVivas, Freddy,eprólogo y edición